Letters between Samuel Butler and Miss E.M.A. Savage, 1871-1885.

Saved in:
Bibliographic Details
Main Author: Butler, Samuel, 1835-1902
Other Authors: Savage, Eliza Mary Ann, 1836-1885
Format: Book
Language:English
Published: London : Cape, 1935.
Subjects:
LEADER 01012nam a2200253 a 4500
001 c000359837
003 CARM
005 00000000000000.0
008 810814s1935 enkc 00110 eng d
019 1 |a 2536336  |z 4134981  |z 9709986  |z 27138519  |z 58020068  |5 LACONCORD2021 
035 |a (OCoLC)639456  |5 LACONCORD2021 
100 1 |a Butler, Samuel,  |d 1835-1902. 
245 1 0 |a Letters between Samuel Butler and Miss E.M.A. Savage, 1871-1885. 
260 |a London :  |b Cape,  |c 1935. 
300 |a 380 p. :  |b 2 ports. ;  |c 21 cm. 
500 |a Includes index. 
600 1 0 |a Butler, Samuel,  |d 1835-1902  |x Correspondence. 
600 1 0 |a Savage, Eliza Mary Ann,  |d 1836-1885  |x Correspondence. 
650 0 |a Authors  |x Correspondence. 
700 1 |a Savage, Eliza Mary Ann,  |d 1836-1885. 
852 8 |b CARM  |h A1:AM24B0  |i B09577  |p 0433452  |f BK 
082 0 4 |a 826/.8 
999 f f |i f21db6cb-d36c-5614-8cef-816d9a07c2fe  |s d78dfa27-4362-5115-96e4-b47fe71c139b 
952 f f |p Can circulate  |a CAVAL  |b CAVAL  |c CAVAL  |d CARM 1 Store  |e B09577  |f A1:AM24B0  |h Other scheme  |i book  |m 0433452